<?xml version="1.0" encoding="UTF-8"?>
<marc:record xmlns:marc="http://www.loc.gov/MARC21/slim">
   <marc:leader>00000nam a2200000 a 4500</marc:leader>
   <marc:datafield ind1="1" ind2=" " tag="100">
      <marc:subfield code="a">Abel, Susanne</marc:subfield>
      <marc:subfield code="4">aut</marc:subfield>
      <marc:subfield code="e">Verfasser/-in</marc:subfield>
   </marc:datafield>
   <marc:datafield ind1="1" ind2=" " tag="100">
      <marc:subfield code="a">Teltz, Vera</marc:subfield>
   </marc:datafield>
   <marc:datafield ind1="0" ind2="0" tag="245">
      <marc:subfield code="a">Stay away from Gretchen</marc:subfield>
   </marc:datafield>
   <marc:datafield ind1="0" ind2="0" tag="245">
      <marc:subfield code="b">eine unmögliche Liebe</marc:subfield>
   </marc:datafield>
   <marc:datafield ind1="0" ind2="0" tag="245">
      <marc:subfield code="c">Susanne Abel</marc:subfield>
   </marc:datafield>
   <marc:datafield ind1=" " ind2="1" tag="264">
      <marc:subfield code="a">Hamburg</marc:subfield>
      <marc:subfield code="b">Hörbuch Hamburg</marc:subfield>
      <marc:subfield code="c">2022</marc:subfield>
   </marc:datafield>
   <marc:datafield ind1="1" ind2=" " tag="490">
      <marc:subfield code="a">Die Gretchen-Reihe</marc:subfield>
      <marc:subfield code="v">1</marc:subfield>
   </marc:datafield>
   <marc:datafield ind1="1" ind2=" " tag="520">
      <marc:subfield code="a">Angaben aus der Verlagsmeldung

Stay away from Gretchen : Eine unmögliche Liebe: 2 CDs / von Susanne Abel

Eine große Liebe in dunklen Zeiten – der Bestseller von Susanne Abel endlich als CD-Ausgabe

Der bekannte Kölner Nachrichtenmoderator Tom Monderath macht sich Sorgen um seine 84-jährige Mutter Greta, die immer mehr vergisst. Was anfangs ärgerlich für sein scheinbar so perfektes Leben ist, wird unerwartet zu einem Geschenk. Nach und nach erzählt Greta aus ihrem Leben – von ihrer Kindheit in Ostpreußen, der Flucht vor den russischen Soldaten im eisigen Winter, der Sehnsucht nach dem verschollenen Vater und ihren Erfolgen auf dem Schwarzmarkt in Heidelberg. Als Tom jedoch auf das Foto eines kleinen Mädchens mit dunkler Haut stößt, verstummt Greta. Zum ersten Mal beginnt Tom, sich eingehender mit der Vergangenheit seiner Mutter zu befassen. Nicht nur, um endlich ihre Traurigkeit zu verstehen. Es geht auch um sein eigenes Glück.

Vera Teltz liest eindringlich und bewegend diese Geschichte über eine junge Frau, einen afroamerikanischen GI und das Geheimnis einer verbotenen Liebe.

</marc:subfield>
   </marc:datafield>
   <marc:datafield ind1=" " ind2=" " tag="020">
      <marc:subfield code="a">9783957132758</marc:subfield>
      <marc:subfield code="9">9783957132758</marc:subfield>
   </marc:datafield>
   <marc:datafield ind1=" " ind2=" " tag="020">
      <marc:subfield code="a">3957132754</marc:subfield>
      <marc:subfield code="9">3957132754</marc:subfield>
   </marc:datafield>
   <marc:datafield ind1=" " ind2=" " tag="041">
      <marc:subfield code="a">ger</marc:subfield>
   </marc:datafield>
</marc:record>
